Outsourcing personálnych činností diplomová práca

Gespeichert in:
Bibliographische Detailangaben
1. Verfasser: Barčíková, Mária
Körperschaft: Fakulta podnikového manažmentu EU. Katedra manažmentu
Weitere Verfasser: Nachtmannová, Oľga, 1963-
Format: Buch
Sprache:Slowakisch
Veröffentlicht: Bratislava 2016
Tags: Tag hinzufügen
Keine Tags, Fügen Sie das erste Tag hinzu!

MARC

LEADER 00000nbm a2200000 4500
001 0218437
005 20170222133436.1
041 0 |a slo 
044 |a SK 
245 1 0 |a Outsourcing personálnych činností  |b diplomová práca  |c Mária Barčíková ; školiteľ: Oľga Nachtmannová 
264 1 |a Bratislava  |c 2016 
300 |a 68 s. 
100 1 |a Barčíková, Mária 
700 1 |a Nachtmannová, Oľga, 1963- 
710 2 |a Fakulta podnikového manažmentu EU. Katedra manažmentu